| 000 | 00000nam##2200000za#4500 |
| 001 | 9.634791 |
| 003 | CaOODSP |
| 005 | 20210624215939 |
| 007 | cr ||||||||||| |
| 008 | 150407|2007||||xxc|||||o f|0| 0 fre|d |
| 020 | |a978-0-662-07579-0 |
| 040 | |aCaOODSP|bfre |
| 043 | |an-cn--- |
| 086 | 1 |aH164-59/2007-1F-PDF |
| 110 | 1 |aCanada. |bDirection générale des produits de santé et des aliments. |
| 245 | 10|aPlanifier l'avenir : |h[ressource électronique]|bpoints saillants de la Stratégie de réglementation fédérale pour la surveillance après la mise en marché 2007-2012 |
| 260 | |aOttawa - Ontario : |bSanté Canada. |cc2007. |
| 300 | |a8p. |
| 590 | |a12-42-Supp|b2012-11-21 |
| 691 | 07|aRèglements|2gcpds |
| 691 | 07|aProduit pour les soins de santé|2gcpds |
| 775 | 08|tPlanning for our future : |w(CaOODSP)9.690427 |
| 856 | 40|ahttp://publications.gc.ca|qPDF|s140 Ko|uhttps://publications.gc.ca/collections/collection_2012/sc-hc/H164-59-2007-1-fra.pdf |
| 986 | |aSC Pub. : 1440 |